El triunfo de las lises / (Record no. 51799)

MARC details
000 -LEADER
campo de control de longitud fija 00623nam a2200205 i 4500
001 - NÚMERO DE CONTROL
campo de control 51799
003 - IDENTIFICADOR DE NÚMERO DE CONTROL
campo de control ES-MaACL
005 - FECHA Y HORA DE LA ÚLTIMA TRANSACCIÓN
campo de control 20260303063013.0
007 - CAMPO FIJO DE DESCRIPCIÓN FÍSICA--INFORMACIÓN GENERAL
campo de control de longitud fija t|
008 - DATOS DE LONGITUD FIJA--INFORMACIÓN GENERAL
campo de control de longitud fija 030819s1956 sp ||||1| spa d
100 1# - ENTRADA PRINCIPAL--NOMBRE DE PERSONA
Nombre de persona Danvila, Alfonso,
Fechas asociadas al nombre 1879-1945
9 (RLIN) 42674
245 13 - MENCIÓN DEL TÍTULO
Título El triunfo de las lises /
Mención de responsabilidad, etc. por Alfonso Danvila.
250 ## - MENCION DE EDICION
Mención de edición 4ª ed.
260 ## - PUBLICACIÓN, DISTRIBUCIÓN, ETC.
Lugar de publicación, distribución, etc. Madrid :
Nombre del editor, distribuidor, etc. Espasa-Calpe,
Fecha de publicación, distribución, etc. 1956.
300 ## - DESCRIPCIÓN FÍSICA
Extensión 2 v. ;
Dimensiones 19 cm.
490 1# - MENCIÓN DE SERIE
Mención de serie Las luchas fratricidas de España ;
Designación de volumen o secuencia 9
830 0# - PUNTO DE ACCESO ADICIONAL DE SERIE-TÍTULO UNIFORME
Título uniforme Las luchas fratricidas de España ;
Designación de volumen o secuencia 9
9 (RLIN) 193266
852 ## - LOCALIZACIÓN
Ubicación ES-MaACL
Número de control de estantería C-12071-72
Sublocalización o colección R.39648
Holdings
Estatus retirado Estado de pérdida Estado de daño No para préstamo Biblioteca de origen Biblioteca actual Ubicación en estantería Fecha de adquisición Fuente de adquisición Total de préstamos Signatura topográfica completa Código de barras Visto por última vez Precio de reemplazo Tipo de ítem Koha
        Biblioteca del Ateneo de Madrid Biblioteca del Ateneo de Madrid Sala Palomar 17/01/2008     C-12071-72 1054468 23/02/2023 23/02/2023 Libro impreso